00398nam a2200121 a 4500008004100000050001300041110004600054245004700100260006000147300001400207350000900221650004600230101228s2010 ||||||||||||||||| || u aZWMA(02) aZambia Weights and Measures Agency (ZWMA)10aZambia Weights and Measures Agency (ZW&MA) aLusakabZambia Weights and Measures Agency (ZWMA)c2010 a11p.:ill. a0.00 aZAMBIA WEIGHTS AND MEASURES AGENCY (ZWMA)